000 00696nam a2200229Ia 4500
003 OSt
005 20220918212058.0
006 a|||||r|||| 00| 0
007 ta
008 220917b |||||||| |||| 00| 0 eng d
024 _a127,128
037 _cTextual
040 _aARTS
_cARTS
_beng
041 _2eng
_aeng
082 _aX.4.N5, K9
100 _aMyrdal Gunnar
245 0 _aApproach to the Asian drama methodological and theoretical selections from Asian drama
_b An inquiry into the poverty of nations a twentieth century fund study
260 _aNA
_bNA
_c1969
650 _aECONOMICS
942 _hX.4.N5, K9
_cTEXL
_2CC
999 _c250270
_d250270